Oscar for Best Director Films - Statistics

General Stats
  • This quiz has been taken 419 times
    47 since last reset
  • The average score is 47 of 99
Answer Stats
Year Director Film % Correct
2019 Bong Joon-Ho Parasite
100%
2004 Clint Eastwood Million Dollar Baby
93%
2023 Christopher Nolan Oppenheimer
93%
2003 Peter Jackson The Lord of the Rings: The Return of the King
93%
1999 Sam Mendes American Beauty
90%
2022 Daniel Kwan & Daniel Scheinert Everything Everywhere All at Once
90%
1993 Steven Spielberg Schindler's List
90%
2006 Martin Scorsese The Departed
90%
1997 James Cameron Titanic
90%
2024 Sean Baker Anora
87%
1990 Kevin Costner Dances with Wolves
87%
2020 Chloé Zhao Nomadland
87%
1995 Mel Gibson Braveheart
83%
2016 Damien Chazelle La La Land
80%
2007 Joel Coen & Ethan Coen No Country for Old Men
80%
2017 Guillermo Del Toro The Shape of Water
80%
1977 Woody Allen Annie Hall
77%
2008 Danny Boyle Slumdog Millionaire
77%
1974 Francis Ford Coppola The Godfather: Part II
77%
1994 Robert Zemeckis Forrest Gump
73%
2025 Paul Thomas Anderson One BattleAfter Another
73%
2002 Roman Polanski The Pianist
73%
2001 Ron Howard A Beautiful Mind
70%
2014 Alejandro G. Iñárritu Birdman
70%
2005 Ang Lee Brokeback Mountain
70%
2009 Kathryn Bigelow The Hurt Locker
70%
2015 Alejandro G. Iñárritu The Revenant
70%
1984 Miloš Forman Amadeus
67%
1992 Clint Eastwood Unforgiven
67%
2012 Ang Lee Life of Pi
63%
1986 Oliver Stone Platoon
63%
1939 Victor Fleming Gone with the Wind
60%
2011 Michel Hazanavicius The Artist
60%
2010 Tom Hooper The King's Speech
60%
1991 Jonathan Demme The Silence of the Lambs
60%
1982 Richard Attenborough Gandhi
57%
2013 Alfonso Cuarón Gravity
57%
1975 Miloš Forman One Flew Over the Cuckoo's Nest
57%
1998 Steven Spielberg Saving Private Ryan
57%
1959 William Wyler Ben-Hur
53%
1972 Bob Fosse Cabaret
53%
1943 Michael Curtiz Casablanca
53%
1996 Anthony Minghella The English Patient
53%
1987 Bernardo Bertolucci The Last Emperor
53%
1962 David Lean Lawrence of Arabia
50%
1985 Syndey Pollack Out of Africa
50%
1988 Barry Levinson Rain Man
50%
2018 Alfonso Cuarón Roma
50%
1978 Michael Cimino The Deer Hunter
50%
1973 George Roy Hill The Sting
50%
1957 David Lean The Bridge on the River Kwai
47%
2021 Jane Campion The Power of the Dog
47%
2000 Steven Soderbergh Traffic
47%
1976 John G. Avildsen Rocky
43%
1971 William Friedkin The French Connection
43%
1967 Mike Nichols The Graduate
43%
1961 Robert Wise & Jerome Robbins West Side Story
43%
1979 Robert Benton Kramer vs. Kramer
40%
1980 Robert Redford Ordinary People
40%
1970 Franklin J. Schaffner Patton
40%
1960 Billy Wilder The Apartment
40%
1989 Oliver Stone Born on the Fourth of July
37%
1934 Frank Capra It Happened One Night
37%
1954 Elia Kazan On the Waterfront
37%
1981 Warren Beatty Reds
37%
1950 Joseph L. Mankiewicz All About Eve
33%
1958 Vincente Minnelli Gigi
33%
1969 John Schlesinger Midnight Cowboy
33%
1964 George Cukor My Fair Lady
33%
1965 Robert Wise The Sound of Music
33%
1966 Fred Zinneman A Man for All Seasons
30%
1968 Carol Reed Oliver!
30%
1983 James L. Brooks Terms of Endearment
30%
1963 Tony Richardson Tom Jones
30%
1930 Lewis Milestone All Quiet on the Western Front
27%
1948 John Huston The Treasure of the Sierra Madre
27%
1944 Leo McCarey Going My Way
23%
1942 William Wyler Mrs. Miniver
23%
1946 William Wyler The Best Years of Our Lives
23%
1945 Billy Wilder The Lost Weekend
20%
1941 John Ford How Green was my Valley
17%
1955 Delbert Mann Marty
17%
1952 John Ford The Quiet Man
17%
1951 George Stevens A Place in the Sun
13%
1956 George Stevens Giant
13%
1928 Frank Borzage Seventh Heaven
10%
1938 Frank Capra You Can't Take it With You
10%
1953 Fred Zinneman From Here to Eternity
7%
1931 Norman Taurog Skippy
7%
1949 Joseph L. Mankiewicz A Letter to Three Wives
3%
1933 Frank Lloyd Cavalcade
3%
1947 Elia Kazan Gentleman's Agreement
3%
1936 Frank Capra Mr. Deeds Goes to Town
3%
1940 John Ford The Grapes of Wrath
3%
1932 Frank Borzage Bad Girl
0%
1937 Leo McCarey The Awful Truth
0%
1929 Frank Lloyd The Divine Lady
0%
1935 John Ford The Informer
0%
1928 Frank Milestone Two Arabian Knights
0%
No matching quizzes found
Score Distribution
Percent of People with Each Score
Percentile by Number Answered
Your Score History
You have not taken this quiz since the last reset